000 00862nam2a22002291 4500
001 v19\rc\2051706
005 20250620022417.0
035 _a(NLR Aleph) 005130254
090 _a4701912
_c4701912
100 _a20081111d1912 |||y0rusy50 ca
101 0 _arus
102 _aRU
105 _ay z |||||
200 0 _a... за 1911
210 _d1912
_aБ. м.
225 1 _a...
_iЧ. 1. Официальная
_vВып. 11
461 0 _1001v19\rc\2051700
_12001#$aОтчет по Московскому инженерному училищу...$v... за 1911
_94701856
_aМосковское инженерное училище
_cМосква
_d1907-1912
_tОтчет по Московскому инженерному училищу...
_v... за 1911
801 0 _aRU
_bNLR
_gpsbo
801 1 _aRU
_bProSoft-M
_2rusmarc
852 _aNLR
_j2/694
942 _cBOOK
980 _aNB